|
|
|
|
| LEADER |
00000nab#a22000007a#4500 |
| 001 |
arbauad034854 |
| 003 |
AR-BaUAD |
| 005 |
20250711112755.0 |
| 008 |
981222|||||||||###||||||b###|0###a|spa|| |
| 040 |
|
|
|a AR-BaUAD
|c AR-BaUAD
|b spa
|
| 100 |
|
|
|a Wickman, Kerstin
|
| 245 |
|
|
|a Nya klipp /
|c Kerstin Wickman;
|
| 300 |
0 |
|
|b fot.
|
| 653 |
|
|
|a FINLANDIA
|
| 653 |
|
|
|a FISKARS
|
| 653 |
|
|
|a LINDEN, OLAVI
|
| 653 |
|
|
|a UTENSILIOS
|
| 653 |
|
|
|a HERRAMIENTAS
|
| 653 |
|
|
|a JARDINERIA
|
| 653 |
|
|
|a TIJERAS
|
| 653 |
|
|
|a PALAS
|
| 653 |
|
|
|a HACHAS
|
| 653 |
|
|
|a SIERRAS
|
| 653 |
|
|
|a DISEÑO INDUSTRIAL
|
| 773 |
0 |
|
|t FORM designtidskriften
|g no. 719 [1998], p. 52-55
|
| 942 |
|
|
|c ARTI
|
| 952 |
|
|
|0 0
|1 0
|4 0
|7 0
|9 79773
|a AR-BAuAD
|b AR-BAuAD
|d 2025-07-11
|l 0
|p AAQA034854
|r 2025-07-11 11:27:55
|w 2025-07-11
|y ARTI
|
| 990 |
|
|
|a DI199
|b TD
|
| 998 |
|
|
|a AAQ
|b BIBUN76
|
| 999 |
|
|
|c 59446
|d 59446
|